000 00667nam a2200253Ia 4500
003 OSt
005 20220918191224.0
006 a|||||r|||| 00| 0
007 ta
008 220917b |||||||| |||| 00| 0 eng d
024 _a62,085
037 _cTextual
040 _aARTS
_cARTS
_beng
041 _2eng
_aeng
082 _aQ6:458v, L4
100 _aEchlin Edward P
_975335
245 0 _aPrist as preacher
_b past and future
260 _aNotre
_bdame Fides pub
_c1974
300 _a92p.
_ccm.
490 _aTheology today series; 33
650 _aRELIGION
942 _hQ6:458v, L4
_cTEXL
_2CC
999 _c188807
_d188807